LEADER 01020nam a2200229 i 4500 001 000000071561 003 CaOOAMICUS 005 20081209000000.0 008 081209s1968 it u000 u ita u 013 $a42733 040 $aSeMil$bita 100 1 $aSainati, Vittorio,$d<1926-2003>.$0(OLS)http://semarc/name/5550 240 10$aDai Topici al De interpretatione.$0(OLS)http://semarc/title/115116 245 10$aDai «Topici» al «De interpretatione» /$cVittorio Sainati. 260 $aFirenze :$bLe Monnier,$c1968. 300 $a294 p. ;$c25 cm. 500 $aIn testa al front.: Istituto di filosofia dell'Università di Pisa. 773 0 $aSainati, Vittorio <1926-2003>$tStoria dell'«Organon» aristotelico.$dFirenze : Le Monnier $g1$w()20462 850 $aSeMil 852 $aSeMil$W1$xVenegono$y1$m2P IV 271$j37714$B37714$CSeMilBibl$Z2$F37717 $81 996 $6245$aDai «Topici» al «De interpretatione»$9(OLS)http://semarc/title/115115 996 $6260$aFirenze :$bLe Monnier$9(OLS)http://semarc/publisher/30060 LEADER 01337nam a2200277 i 4500 001 000000118283 003 CaOOAMICUS 005 20140415000000.0 008 140415s1867 it u000 u ita u 013 $a90976 040 $aSeMil$bita 100 1 $aBiraghi, Luigi,$c.$0(OLS)http://semarc/name/4214 245 10$aVie de la vierge romaine-milanaise sainte Marcelline :$bsoeur de saint Ambroise /$crédigée d'après les plus anciens documents par l'abbé Louis Biraghi ; traduit de l'italien par le r. p. Alphonse Corail. 260 $aParis :$bJ. Albanel,$cpref. 1867. 260 $aToulouse :$bÉd. Privat,$cpref. 1867. 300 $aLX, 324 p. ;$c19 cm. 500 $aFondo Card. C.M. Martini. 600 04$aMarcellina .$0(OLS)http://semarc/subject/3872 700 1 $aCorail, Alphonse .$0(OLS)http://semarc/name/49382 850 $aSeMil 852 $aSeMil$W1$xVenegono$y1$m3J I 39 FA$j73603$B73603$CSeMilBibl$Z2$F190322 $8I 941 1 $a4 961 $aOmaggio: Martini Card. Carlo Maria 996 $6245$aVie de la vierge romaine-milanaise sainte Marcelline :$bsoeur de saint Ambroise$9(OLS)http://semarc/title/173751 996 $6260$aToulouse :$bÉd. Privat$9(OLS)http://semarc/publisher/45784 996 $6260$aParis :$bJ. Albanel$9(OLS)http://semarc/publisher/45785